Vista normal
Vista MARC
Entrada Personal Name
Número de registros utilizados en: 1
001 - CONTROL NUMBER
- control field: 67024
003 - CONTROL NUMBER IDENTIFIER
- control field: OSt
005 - DATE AND TIME OF LATEST TRANSACTION
- control field: 20251107220506.0
008 - FIXED-LENGTH DATA ELEMENTS
- fixed length control field: 251107|| aca||aabn | a|a d
040 ## - CATALOGING SOURCE
- Original cataloging agency: OSt
- Transcribing agency: OSt
100 ## - HEADING--PERSONAL NAME
- Personal name: Golden, Alisa
- Dates associated with a name: 1962-
670 ## - SOURCE DATA FOUND
- Source citation: Work cat.: (OSt)59878: Golden, Alisa 1962- aut, El gran libro de la encuadernación :